[Event "POLFINALY MISTRZOSTW POLSKI JUNIOROW 2021 C-15"]
[Site "Jatrzebia Gora"]
[Date "1899-12-30"]
[Round "8.14"]
[White "Dysko, Michal"]
[Black "Zyto, Karol"]
[Result "1/2-1/2"]
[WhiteTitle "II"]
[BlackTitle "II"]
[WhiteElo "1222"]
[BlackElo "1472"]

1. d4 e6 2. c4 d5 3. Nc3 f5 4. Bf4 Nf6 5. Nf3 Bd6 6. e3 c6 7. Bd3 O-O 8. O-O Qe7
9. Bxd6 Qxd6 10. c5 Qc7 11. b4 Bd7 12. a4 Be8 13. Qb3 Ne4 14. Rfb1 Bh5 15. Bxe4
fxe4 16. Ne5 Nd7 17. Nxd7 Qxd7 18. b5 Qf7 19. Ra2 Qg6 20. Ne2 Qf6 21. Ng3 Be8
22. Rab2 Bd7 23. Qc3 Rf7 24. Rf1 Qe7 25. Rfb1 Qg5 26. Ne2 Qh4 27. Nf4 Qe7 28.
Ne2 Qh4 29. Nf4 Qe7 30. Ne2 Qh4 31. Nf4 1/2-1/2

[Event "POLFINALY MISTRZOSTW POLSKI JUNIOROW 2021 C-15"]
[Site "Jatrzebia Gora"]
[Date "1899-12-30"]
[Round "8.15"]
[White "Trochimczuk, Szymon"]
[Black "Dembicki, Karol"]
[Result "0-1"]
[WhiteTitle "II+"]
[BlackTitle "II"]
[WhiteElo "1493"]
[BlackElo "1380"]

1. d4 d5 2. c4 e6 3. Nc3 Nf6 4. Nf3 c6 5. cxd5 exd5 6. Bf4 Be7 7. e3 O-O 8. Bd3
Nbd7 9. Qc2 Re8 10. O-O Nf8 11. Rab1 Bg4 12. Ne5 Bd6 13. h3 Bh5 14. b4 a6 15.
Na4 Ng6 16. Nxg6 Bxg6 17. Bxd6 Qxd6 18. Bxg6 hxg6 19. Nc5 Rab8 20. a4 g5 21. Qf5
g6 22. Qxg5 b6 23. Nb3 Ne4 24. Qg4 Qxb4 25. a5 bxa5 26. Nc5 Qxb1 27. Rxb1 Rxb1+
28. Kh2 Rh1+ 29. Kxh1 Nxf2+ 30. Kg1 Nxg4 31. hxg4 Rxe3 0-1

[Event "POLFINALY MISTRZOSTW POLSKI JUNIOROW 2021 C-15"]
[Site "Jatrzebia Gora"]
[Date "1899-12-30"]
[Round "8.16"]
[White "Czak, Dominik"]
[Black "Bem, Tymoteusz"]
[Result "0-1"]
[WhiteTitle "II"]
[BlackTitle "II"]
[WhiteElo "1456"]
[BlackElo "1262"]

1. d4 d5 2. c4 c6 3. Nc3 Nf6 4. Nf3 dxc4 5. a4 Bf5 6. e3 e6 7. Bxc4 Bb4 8. Qb3
Qe7 9. Bd2 a5 10. O-O h6 11. Ne5 Nbd7 12. Nxd7 Qxd7 13. Rad1 O-O 14. f3 Bg6 15.
Be1 Nd5 16. Bf2 Nc7 17. Bg3 b5 18. Bd3 Bxd3 19. Rxd3 Bd6 20. Bxd6 Qxd6 21. axb5
cxb5 22. Nxb5 Nxb5 23. Qxb5 Rfb8 24. Qc5 Qxc5 25. dxc5 Rxb2 26. Rc3 Rd8 27. Ra1
Rdd2 28. c6 Rxg2+ 29. Kf1 Rxh2 30. Kg1 Rhc2 31. Rc1 Rxc1+ 32. Rxc1 Rb8 33. Kf2
Kf8 34. Ra1 Rc8 35. Rxa5 Rxc6 36. Ra7 Ke8 37. Kg3 Rd6 38. Kf4 Rd7 39. Ra8+ Ke7
40. e4 g5+ 41. Kg4 Kf6 42. Ra2 Kg6 43. Rh2 f5+ 44. exf5+ exf5+ 45. Kg3 h5 46.
Ra2 Rd6 47. Ra8 h4+ 48. Kh3 Kh5 49. Rh8+ Rh6 50. Rg8 Rb6 51. Rh8+ Kg6 52. Rg8+
Kf6 53. Ra8 Rb3 54. Ra6+ Ke5 55. Kg2 Rb2+ 56. Kh3 Kf4 57. Re6 Rb3 58. Ra6 Rxf3+
59. Kg2 h3+ 60. Kh2 g4 61. Kh1 Kg3 62. Ra1 Rb3 63. Rg1+ Kh4 64. Ra1 f4 65. Rf1
f3 66. Ra1 f2 67. Rf1 Kg3 68. Rd1 Re3 69. Rd3 f1=Q# 0-1

[Event "POLFINALY MISTRZOSTW POLSKI JUNIOROW 2021 C-15"]
[Site "Jatrzebia Gora"]
[Date "1899-12-30"]
[Round "8.17"]
[White "Klisowski, Bartosz"]
[Black "Rumniak, Aleksy"]
[Result "1/2-1/2"]
[WhiteTitle "II+"]
[BlackTitle "II"]
[WhiteElo "1392"]
[BlackElo "1204"]

1. d4 Nf6 2. c4 g6 3. Nf3 Bg7 4. g3 c5 5. d5 d6 6. Nc3 O-O 7. Bg2 e5 8. dxe6 Bxe6
9. Nd5 Nxd5 10. cxd5 Bd7 11. O-O b5 12. Bf4 Qb6 13. Qd2 a5 14. e4 Bg4 15. Ne1
Re8 16. h3 Bc8 17. Bh6 Bh8 18. Nd3 c4 19. Be3 Qc7 20. Rac1 Qe7 21. Nf4 Nd7 22.
Rfe1 Ne5 23. Bd4 Bd7 24. b3 cxb3 25. axb3 a4 26. bxa4 Rxa4 27. Bxe5 Bxe5 28. Nd3
Rea8 29. Nxe5 dxe5 30. Rb1 b4 31. Re3 Qd6 32. Reb3 Rb8 33. f4 f6 34. Kh1 Kg7 1/2-1/2

[Event "POLFINALY MISTRZOSTW POLSKI JUNIOROW 2021 C-15"]
[Site "Jatrzebia Gora"]
[Date "1899-12-30"]
[Round "8.18"]
[White "Marek, Grzegorz"]
[Black "Daszkiewicz, Adrian"]
[Result "0-1"]
[WhiteTitle "II"]
[BlackTitle "I"]
[WhiteElo "1350"]
[BlackElo "1564"]

1. e4 c5 2. Nf3 d6 3. d4 cxd4 4. Nxd4 Nf6 5. Nc3 a6 6. Bc4 e6 7. O-O Be7 8. a4
O-O 9. Bb3 Nbd7 10. Be3 Nc5 11. f3 e5 12. Nde2 Nxb3 13. cxb3 Be6 14. b4 d5 15.
exd5 Nxd5 16. Bc5 Bxc5+ 17. bxc5 Qa5 18. Nxd5 Qxc5+ 19. Kh1 Qxd5 20. Qxd5 Bxd5
21. Nc3 Bc6 22. Rfd1 Rfd8 23. Kg1 Kf8 24. Kf2 Ke7 25. Ke3 Rxd1 26. Rxd1 Rd8 27.
Rxd8 Kxd8 28. a5 Ke7 29. b4 Ke6 30. g3 f5 31. f4 h6 32. h4 Kf6 33. Nd1 g5 34.
hxg5+ hxg5 35. fxg5+ Kxg5 36. Nf2 Bb5 37. Kf3 Bc6+ 38. Ke3 f4+ 39. gxf4+ exf4+
40. Ke2 Kh4 41. Ke1 Kg3 42. Nd3 f3 43. Nf2 Kg2 44. Nd3 Be4 45. Nf2 Bf5 46. Nd1
Bd3 47. Nf2 Be2 48. Ne4 Bb5 49. Nf2 Kg3 50. Ne4+ Kf4 51. Nd6 Ke3 52. Nf5+ Kd3
53. Nd6 Bc6 54. Kf2 Kc3 55. b5 axb5 56. Nf5 b4 57. Ne7 b3 58. Nxc6 b2 59. a6 bxa6
60. Ne5 b1=Q 61. Nxf3 0-1

[Event "POLFINALY MISTRZOSTW POLSKI JUNIOROW 2021 C-15"]
[Site "Jatrzebia Gora"]
[Date "1899-12-30"]
[Round "8.19"]
[White "Chmura, Eryk"]
[Black "Choina, Jan"]
[Result "0-1"]
[WhiteTitle "II"]
[BlackTitle "II"]
[WhiteElo "1343"]
[BlackElo "1485"]

1. e4 c5 2. c3 e6 3. d4 d5 4. exd5 Qxd5 5. Nf3 Nc6 6. Be3 Nf6 7. h3 cxd4 8. cxd4
Bb4+ 9. Nc3 Qd6 10. a3 Ba5 11. Bc4 O-O 12. O-O Rd8 13. Qd3 a6 14. b4 Bc7 15. b5
Na5 16. Ba2 b6 17. Ne5 Qxe5 18. dxe5 Rxd3 19. exf6 Rxc3 20. fxg7 Be5 21. Rad1
axb5 22. Bxb6 Bb7 23. Rd7 Bc6 24. Bxa5 Bxd7 25. Bxc3 Bxc3 26. Rd1 Bc6 27. Rd6
Be4 0-1

[Event "POLFINALY MISTRZOSTW POLSKI JUNIOROW 2021 C-15"]
[Site "Jatrzebia Gora"]
[Date "1899-12-30"]
[Round "8.20"]
[White "Pieczulis, Hubert"]
[Black "Latacz, Grzegorz"]
[Result "1-0"]
[WhiteTitle "I"]
[BlackTitle "II"]
[WhiteElo "1379"]
[BlackElo "1446"]

1. d4 d5 2. f4 e6 3. Nf3 Nf6 4. e3 c5 5. c3 Be7 6. Bd3 b6 7. O-O Bb7 8. Ne5 Nbd7
9. Nd2 Ne4 10. Nxe4 dxe4 11. Bb5 Bc8 12. Qa4 a6 13. Bc6 Ra7 14. Bxe4 O-O 15. Nc6
Qc7 16. Nxe7+ 1-0

[Event "POLFINALY MISTRZOSTW POLSKI JUNIOROW 2021 C-15"]
[Site "Jatrzebia Gora"]
[Date "1899-12-30"]
[Round "9.1"]
[White "Wydmanski, Szymon"]
[Black "Pisarek, Jan"]
[Result "0-1"]
[WhiteTitle "I"]
[BlackTitle "I"]
[WhiteElo "1735"]
[BlackElo "1583"]

1. e4 c5 2. Nf3 e6 3. d4 cxd4 4. Nxd4 Nf6 5. Nc3 Nc6 6. Ndb5 Bb4 7. a3 Bxc3+ 8.
Nxc3 d5 9. exd5 exd5 10. Bd3 O-O 11. O-O d4 12. Ne2 Bg4 13. f3 Bh5 14. Nf4 Bg6
15. Nxg6 hxg6 16. f4 Qb6 17. Qf3 Rad8 18. Bd2 Rfe8 19. Rfe1 Ne7 20. Re5 Qxb2 21.
Rae1 Nc6 22. Rxe8+ Rxe8 23. Rxe8+ Nxe8 24. h4 Kf8 25. h5 gxh5 26. Qxh5 Qxa3 27.
f5 Qc5 28. Qh4 Ne5 29. Be4 d3+ 30. Qf2 Qxf2+ 31. Kxf2 dxc2 32. Bb4+ Kg8 33. Bxc2
Nf6 34. Ke2 b6 35. Bd6 Nfd7 36. Bb3 Kh7 37. Ke3 f6 38. Kd4 Kh6 39. Bc2 Kg5 40.
Ba3 Kf4 41. Bc1+ Kg3 42. Be4 Nc5 43. Bd5 Ned3 44. Bd2 Nf4 45. Be1+ Kg4 46. Bf3+
Kxf5 47. g4+ Kg5 48. Bb4 Nfe6+ 49. Kd5 f5 50. Bd2+ Nf4+ 51. Kd4 0-1

[Event "POLFINALY MISTRZOSTW POLSKI JUNIOROW 2021 C-15"]
[Site "Jatrzebia Gora"]
[Date "1899-12-30"]
[Round "9.2"]
[White "Wilk, Igor"]
[Black "Wesolek, Krzysztof"]
[Result "1/2-1/2"]
[WhiteTitle "I+"]
[BlackTitle "I"]
[WhiteElo "1712"]
[BlackElo "1570"]

1. e4 e6 2. d4 d5 3. Nc3 dxe4 4. Nxe4 Nd7 5. Nf3 Be7 6. Bd3 Ngf6 7. Nxf6+ Bxf6
8. O-O O-O 9. c3 c5 10. Be3 cxd4 11. Nxd4 Bxd4 12. Bxd4 e5 13. Be3 Nf6 14. Qc2
h6 15. Rad1 Qc7 16. Bf5 Re8 17. h3 b6 18. Bxc8 Raxc8 19. Rd2 Rcd8 20. Rfd1 Rxd2
21. Qxd2 Re7 22. Qd8+ Kh7 23. Kf1 Qc4+ 24. Qd3+ Qxd3+ 25. Rxd3 Kg6 26. Ke2 Kf5
27. Rd6 h5 28. Kd3 Ne8 29. Rd8 Ke6 30. g4 hxg4 31. hxg4 Nd6 32. a4 Rc7 33. b3
g6 34. Bc1 f5 35. Ba3 Rc6 36. gxf5+ gxf5 37. c4 a5 38. f3 e4+ 39. fxe4 Nxe4 40.
Re8+ Kd7 41. Re7+ Kd8 42. Rf7 Nc5+ 43. Kc3 Ne4+ 1/2-1/2

[Event "POLFINALY MISTRZOSTW POLSKI JUNIOROW 2021 C-15"]
[Site "Jatrzebia Gora"]
[Date "1899-12-30"]
[Round "9.3"]
[White "Malinowski, Szymon"]
[Black "Demski, Michal"]
[Result "1/2-1/2"]
[WhiteTitle "I"]
[BlackTitle "I+"]
[WhiteElo "1601"]
[BlackElo "1756"]

1. d4 d5 2. Bf4 Nf6 3. Nf3 c5 4. e3 Nc6 5. Nc3 a6 6. Be2 cxd4 7. exd4 Bf5 8. a3
e6 9. O-O Bd6 10. Bg5 Be7 11. Re1 O-O 12. Bd3 Bg4 13. Be3 Rc8 14. Ne2 Bh5 15.
c3 Bg6 16. Nf4 Bxd3 17. Nxd3 Ne4 18. Nfe5 Nxe5 19. Nxe5 Bd6 20. Nd3 Be7 21. f3
Nd6 22. Bf4 Nc4 23. Qe2 Bd6 24. Bc1 Qe7 25. f4 Bb8 26. Qf3 Qf6 27. g3 Nd6 28.
Ne5 Rfd8 29. Be3 Ne4 30. Kh1 Bd6 31. Rg1 b5 32. Nd3 1/2-1/2

[Event "POLFINALY MISTRZOSTW POLSKI JUNIOROW 2021 C-15"]
[Site "Jatrzebia Gora"]
[Date "1899-12-30"]
[Round "9.4"]
[White "Jendrowiak, Maciej"]
[Black "Trzebinski, Patryk"]
[Result "1/2-1/2"]
[WhiteTitle "II+"]
[BlackTitle "I+"]
[WhiteElo "1493"]
[BlackElo "1767"]

1. e4 c5 2. c3 g6 3. d4 cxd4 4. cxd4 d5 5. e5 Bg7 6. h3 Nh6 7. Nf3 O-O 8. Nc3 Nc6
9. Bb5 Nf5 10. O-O f6 11. Bxc6 bxc6 12. Bf4 fxe5 13. Bxe5 Bxe5 14. dxe5 Rb8 15.
b3 Ba6 16. Re1 c5 17. Qxd5+ Qxd5 18. Nxd5 Bb7 19. Rad1 Rbd8 20. Nc3 Rxd1 21. Rxd1
Bxf3 22. gxf3 Nd4 23. Kg2 Rf5 24. Ne4 Rxe5 25. Rc1 Ne6 26. Rc4 Rd5 27. Ra4 Rd7
28. Ra5 Rc7 29. Kf1 Kg7 30. Kg2 g5 1/2-1/2

[Event "POLFINALY MISTRZOSTW POLSKI JUNIOROW 2021 C-15"]
[Site "Jatrzebia Gora"]
[Date "1899-12-30"]
[Round "9.5"]
[White "Kotowicz, Kamil"]
[Black "Goral, Jan"]
[Result "0-1"]
[WhiteTitle "I"]
[BlackTitle "I"]
[WhiteElo "1765"]
[BlackElo "1672"]

1. Nf3 g6 2. e4 Bg7 3. d4 d6 4. Nc3 Nd7 5. Bc4 e6 6. O-O a6 7. a4 b6 8. Bg5 Ne7
9. Qd2 Bb7 10. Bh6 O-O 11. Bxg7 Kxg7 12. Rfe1 Nf6 13. Bb3 d5 14. e5 Nd7 15. Nd1
c5 16. c3 Rc8 17. Ne3 h5 18. g3 Nc6 19. Bc2 Qe7 20. Rac1 Rc7 21. Ng2 Rfc8 22.
Nf4 cxd4 23. cxd4 Na5 24. Qd3 Nf8 25. Nh4 Nc4 26. Nhxg6 fxg6 27. Nxg6 Nxb2 28.
Qb3 Nxg6 29. Qxb2 Rc6 30. Bxg6 Kxg6 31. Rxc6 Rxc6 32. Qb1+ Kg7 33. Qd1 Qg5 34.
Kg2 a5 35. h4 Qg6 36. Re3 Ba6 37. Rf3 Qg4 38. Qd2 Bf1+ 39. Kxf1 Qxf3 40. Qg5+
Kf7 41. Qh6 Rc1+ 42. Qxc1 Qh1+ 0-1

[Event "POLFINALY MISTRZOSTW POLSKI JUNIOROW 2021 C-15"]
[Site "Jatrzebia Gora"]
[Date "1899-12-30"]
[Round "9.6"]
[White "Cieply, Krzysztof"]
[Black "Rzenca, Jerzy"]
[Result "0-1"]
[WhiteTitle "I"]
[BlackTitle "I"]
[WhiteElo "1487"]
[BlackElo "1568"]

1. d4 d5 2. Bf4 Nf6 3. e3 c5 4. c3 Nc6 5. Nf3 Qb6 6. Qb3 c4 7. Qc2 Bf5 8. Qc1 h6
9. h3 e6 10. Be2 Be7 11. O-O g5 12. Bh2 g4 13. hxg4 Bxg4 14. Nbd2 h5 15. b3 cxb3
16. axb3 Rg8 17. Kh1 Ne4 18. Bd1 h4 19. Nxe4 dxe4 20. Ne5 Bf5 21. Nxc6 Qxc6 22.
c4 h3 23. g4 Bxg4 24. Bxg4 Rxg4 25. Rg1 Rg2 26. Qf1 a6 27. Rxg2 hxg2+ 28. Qxg2
O-O-O 29. d5 exd5 30. cxd5 Rxd5 31. Qg8+ Kd7 32. Qxf7 Qe6 33. Qxe6+ Kxe6 34. Kg2
Rb5 35. Rb1 a5 36. f3 exf3+ 37. Kxf3 a4 38. Ra1 a3 39. Bc7 Rxb3 40. Ba5 Bf6 41.
Ra2 Bb2 42. Ke2 Kd5 43. Bd2 Ke5 0-1

[Event "POLFINALY MISTRZOSTW POLSKI JUNIOROW 2021 C-15"]
[Site "Jatrzebia Gora"]
[Date "1899-12-30"]
[Round "9.7"]
[White "Wieckowski, Michal"]
[Black "Nowak, Filip"]
[Result "1/2-1/2"]
[WhiteTitle "I"]
[BlackTitle "I"]
[WhiteElo "1698"]
[BlackElo "1757"]

1. d4 d5 2. c4 c6 3. Nf3 Nf6 4. Nc3 e6 5. Bg5 Nbd7 6. cxd5 exd5 7. e3 Be7 8. Qc2
O-O 9. Bd3 Re8 10. O-O h6 11. Bh4 Ne4 12. Bxe7 Qxe7 13. Rab1 Nd6 14. b4 b5 15.
Rfe1 Nf6 16. Ne5 Qb7 17. Re2 Nc4 18. Bxc4 dxc4 19. f3 Be6 20. g4 Nd5 21. Ne4 Qc7
22. Nc5 f6 23. Ng6 Bf7 24. Rbe1 Nxb4 25. Qf5 Rad8 26. Nf4 Qc8 27. Kf2 Nd5 28.
Nxd5 cxd5 29. Qxc8 Rxc8 30. Rb2 Rb8 31. e4 b4 32. e5 fxe5 33. dxe5 Be6 34. Ke3
Kf7 35. Kd4 g5 36. h4 Rg8 37. Rh1 h5 38. hxg5 Rxg5 39. Rxh5 1/2-1/2

[Event "POLFINALY MISTRZOSTW POLSKI JUNIOROW 2021 C-15"]
[Site "Jatrzebia Gora"]
[Date "1899-12-30"]
[Round "9.8"]
[White "Kusiak, Mateusz"]
[Black "Janusiewicz, Michal"]
[Result "1-0"]
[WhiteTitle "I+"]
[BlackTitle "I"]
[WhiteElo "1755"]
[BlackElo "1361"]

1. e4 c5 2. Nf3 Nc6 3. d4 cxd4 4. Nxd4 e5 5. Nb5 d6 6. N1c3 a6 7. Na3 Be7 8. Be3
b5 9. Nd5 Rb8 10. Be2 Nf6 11. f3 Be6 12. c3 O-O 13. Nc2 Bxd5 14. exd5 Na5 15.
Nb4 Qc8 16. O-O Nc4 17. Bxc4 Qxc4 18. Qd2 Rbc8 19. Rfd1 a5 20. Nc6 Bd8 21. Bg5
Bb6+ 22. Kh1 Nxd5 23. Nxa5 Bxa5 24. Qxd5 Rc6 25. Be7 Rb8 26. Bxd6 Qxd5 27. Rxd5
Rd8 28. Rad1 f6 29. h3 Rdc8 30. Rxb5 Bb6 31. Bb4 Be3 32. Rbd5 Kf7 33. Rd7+ Kg6
34. a4 Ra6 35. b3 Rb8 36. R1d6 Rxd6 37. Rxd6 Kg5 38. g3 h5 39. a5 h4 40. Kg2 hxg3
41. Kxg3 f5 42. Rd5 Bf4+ 43. Kg2 Rc8 44. c4 Kh4 45. Rd7 g6 46. Rh7+ Kg5 47. Be7#
1-0

[Event "POLFINALY MISTRZOSTW POLSKI JUNIOROW 2021 C-15"]
[Site "Jatrzebia Gora"]
[Date "1899-12-30"]
[Round "9.9"]
[White "Kubik, Rafal"]
[Black "Gbiorczyk, Mikolaj"]
[Result "1-0"]
[WhiteTitle "I+"]
[BlackTitle "II"]
[WhiteElo "1718"]
[BlackElo "1487"]

1. e4 c5 2. c3 d5 3. exd5 Qxd5 4. d4 Nc6 5. Nf3 Bf5 6. Be3 e6 7. Na3 cxd4 8. Nb5
O-O-O 9. Nbxd4 Nf6 10. Qa4 Nxd4 11. Nxd4 Bc5 12. O-O-O Qd7 13. Bb5 Qc7 14. Nxf5
exf5 15. Bf4 Qb6 16. Bd3 g6 17. Qc4 Nd5 18. Bxf5+ gxf5 19. Rxd5 Rxd5 20. Qxd5
Bxf2 21. Qe5 Rd8 22. Qb8+ Kd7 23. Rd1+ Ke8 24. Qe5+ Kf8 25. Qh8+ Ke7 26. Bg5+
1-0

[Event "POLFINALY MISTRZOSTW POLSKI JUNIOROW 2021 C-15"]
[Site "Jatrzebia Gora"]
[Date "1899-12-30"]
[Round "9.10"]
[White "Bajer, Tomasz"]
[Black "Miler, Franciszek"]
[Result "1-0"]
[WhiteTitle "II"]
[BlackTitle "I"]
[WhiteElo "1308"]
[BlackElo "1479"]

1. Nf3 g6 2. g3 Bg7 3. Bg2 Nf6 4. O-O O-O 5. d3 d6 6. Nc3 c5 7. e4 Nc6 8. Nd2 Rb8
9. f4 Nd7 10. f5 b5 11. Nf3 b4 12. Ne2 Ba6 13. Rb1 c4 14. d4 c3 15. Be3 cxb2 16.
Rxb2 Nb6 17. Rb1 Na4 18. c4 Qa5 19. Qd3 Nc3 20. Ra1 gxf5 21. exf5 d5 22. Ng5 Bxc4
23. Qc2 Nxe2+ 24. Kh1 Ncxd4 25. Bxd4 Nxd4 26. Qb1 Bxf1 27. f6 Bxg2+ 28. Kxg2 Rfc8
29. Qxh7+ Kf8 30. fxg7+ Ke8 31. g8=Q+ Kd7 32. Qgxf7 Rc2+ 33. Kh3 Qc5 34. Nf3 1-0

[Event "POLFINALY MISTRZOSTW POLSKI JUNIOROW 2021 C-15"]
[Site "Jatrzebia Gora"]
[Date "1899-12-30"]
[Round "9.11"]
[White "Racis, Michal"]
[Black "Fojcik, Kacper"]
[Result "1-0"]
[WhiteTitle "I"]
[BlackTitle "II"]
[WhiteElo "1820"]
[BlackElo "1345"]

1. d4 Nf6 2. Nf3 g6 3. g3 Bg7 4. Bg2 O-O 5. O-O d6 6. c4 c6 7. Nc3 Nbd7 8. e4 e5
9. h3 Ne8 10. Be3 Qc7 11. Qd2 f5 12. Bh6 Ndf6 13. Bxg7 Nxg7 14. Rfe1 fxe4 15.
Nxe4 Nxe4 16. Rxe4 exd4 17. Rae1 Bd7 18. Nxd4 Rae8 19. Qh6 Rxe4 20. Rxe4 Nf5 21.
Qd2 Nxd4 22. Rxd4 Rf6 23. Qg5 Rf7 24. g4 c5 25. Rd2 Kg7 26. Bd5 Rf6 27. Qh4 Qb8
28. g5 Rf5 29. Qg3 Qe8 30. Kf1 Qe5 31. Qb3 b6 32. Re2 Qf4 33. Qc3+ Re5 34. Re4
Qf5 35. Ke1 Kf8 36. Rxe5 Qxe5+ 37. Qxe5 dxe5 38. h4 Kg7 39. Ke2 h6 40. Ke3 hxg5
41. hxg5 Bf5 42. f4 exf4+ 43. Kxf4 Kf8 44. Ke5 Ke7 45. a3 a5 46. Bc6 Bd3 47. Bd5
Bf5 48. Bf3 Bd3 49. Kd5 Kd7 50. Bg4+ Kc7 51. Be6 Bc2 52. Ke5 Kd8 53. Kd6 Be4 54.
Bd5 Bc2 55. Kc6 a4 56. Kxb6 Kd7 57. Kxc5 Kc7 58. Bf7 Bd3 59. Kb4 Bc2 60. Be8 1-0

[Event "POLFINALY MISTRZOSTW POLSKI JUNIOROW 2021 C-15"]
[Site "Jatrzebia Gora"]
[Date "1899-12-30"]
[Round "9.12"]
[White "Halhoul, Adam"]
[Black "Dysko, Michal"]
[Result "1/2-1/2"]
[WhiteTitle "I"]
[BlackTitle "II"]
[WhiteElo "1777"]
[BlackElo "1222"]

1. d4 d5 2. c4 e6 3. Nc3 a6 4. cxd5 exd5 5. h3 c6 6. Nf3 Bd6 7. Qc2 Nf6 8. Bg5
h6 9. Bxf6 Qxf6 10. e3 Bf5 11. Bd3 Bxd3 12. Qxd3 O-O 13. O-O Nd7 14. Rab1 Qe7
15. a3 Nf6 16. b4 a5 17. b5 Bxa3 18. bxc6 bxc6 19. Ne5 Bd6 20. Nxc6 Qc7 21. Ne5
Bxe5 22. dxe5 Qxe5 23. Rb5 Rfb8 24. Rfb1 Rxb5 25. Rxb5 a4 26. Nxd5 Nxd5 27. Rxd5
Qb2 28. Rb5 a3 29. Rxb2 axb2 30. Kh2 Ra1 31. Qd8+ Kh7 32. Qd3+ Kg8 1/2-1/2

[Event "POLFINALY MISTRZOSTW POLSKI JUNIOROW 2021 C-15"]
[Site "Jatrzebia Gora"]
[Date "1899-12-30"]
[Round "9.13"]
[White "Dembicki, Karol"]
[Black "Szymkiewicz, Witold"]
[Result "0-1"]
[WhiteTitle "II"]
[BlackTitle "I"]
[WhiteElo "1380"]
[BlackElo "1552"]

1. e4 e6 2. d4 d5 3. exd5 exd5 4. Bd3 Bd6 5. Nf3 Nf6 6. O-O O-O 7. Bg5 Nbd7 8.
Nc3 c6 9. Ne2 Qc7 10. Ng3 h6 11. Be3 Ng4 12. Nf5 Bxh2+ 13. Kh1 Bd6 14. N3h4 Ndf6
15. Qd2 Nxe3 16. fxe3 Ng4 17. Qe2 h5 18. e4 dxe4 19. Qxe4 g6 20. Rae1 Bxf5 21.
Nxf5 Bb4 22. Rf4 Bxe1 23. Ne7+ Kg7 24. Nxg6 f5 25. Nxf8 fxe4 26. Ne6+ Kg8 27.
Nxc7 exd3 28. cxd3 Rf8 29. Rxf8+ Kxf8 30. d5 cxd5 31. Nxd5 Nf2+ 32. Kg1 Nxd3 33.
b3 Nb4 34. Nf4 Nxa2 35. Nxh5 Nc1 36. Kf1 Bc3 37. Nf4 Nxb3 38. Ke2 a5 39. Kd3 Bf6
40. Kc4 Nd4 41. Nd3 b5+ 42. Kc5 Kf7 43. Nf4 b4 44. Kc4 b3 45. Nd3 Ke7 46. Kc3
Kd6 47. g4 Kc6 48. g5 Bxg5 49. Kxd4 Bf6+ 50. Kc4 b2 51. Nxb2 Bxb2 52. Kd4 0-1

[Event "POLFINALY MISTRZOSTW POLSKI JUNIOROW 2021 C-15"]
[Site "Jatrzebia Gora"]
[Date "1899-12-30"]
[Round "9.14"]
[White "Turowski, Maciej"]
[Black "Bem, Tymoteusz"]
[Result "1-0"]
[WhiteTitle "II+"]
[BlackTitle "II"]
[WhiteElo "1540"]
[BlackElo "1262"]

1. d4 d5 2. c4 c6 3. cxd5 cxd5 4. Nc3 Nf6 5. Nf3 Nc6 6. Bf4 Qb6 7. Na4 Qa5+ 8.
Bd2 Qd8 9. e3 e6 10. Bb5 Bd6 11. O-O O-O 12. Rc1 Bd7 13. Nc5 Bxc5 14. Rxc5 Ne4
15. Rc1 Nxd2 16. Qxd2 Qb6 17. Ba4 Rfc8 18. Rc5 Nxd4 19. Rxc8+ Rxc8 20. Bxd7 Nxf3+
21. gxf3 Ra8 1-0

[Event "POLFINALY MISTRZOSTW POLSKI JUNIOROW 2021 C-15"]
[Site "Jatrzebia Gora"]
[Date "1899-12-30"]
[Round "9.15"]
[White "Daszkiewicz, Adrian"]
[Black "Jankowski, Franciszek"]
[Result "1-0"]
[WhiteTitle "I"]
[BlackTitle "II+"]
[WhiteElo "1564"]
[BlackElo "1522"]

1. e4 c6 2. d4 d5 3. f3 e6 4. a3 Bd6 5. e5 Bc7 6. f4 Ne7 7. Nf3 c5 8. c3 Nbc6 9.
Bd3 cxd4 10. cxd4 Nf5 11. Bxf5 exf5 12. O-O O-O 13. Be3 f6 14. Nc3 Be6 15. Rc1
Rc8 16. b4 Bb8 17. Qd2 a6 18. Na4 Ba7 19. Rc3 Qe8 20. Rfc1 fxe5 21. dxe5 Bxe3+
22. Qxe3 d4 23. Nxd4 Nxd4 24. Qxd4 Qxa4 25. Rxc8 Bxc8 26. Qc4+ Kh8 27. Qxc8 Rg8
28. Qc3 h6 29. Re1 Re8 30. Qd3 Qc6 31. Rd1 Re6 32. Qd5 Qb6+ 33. Qd4 Qb5 34. Qd7
Qe2 35. Qd3 Qg4 36. Qb3 Re8 37. Rf1 Qe2 38. Qc3 Kh7 39. Re1 Qg4 40. Qd3 Qh5 41.
h3 Kh8 42. Qe3 Rd8 43. Kh2 Rd1 44. Qe2 Qxe2 45. Rxe2 Kg8 46. Rc2 Ra1 47. Rc8+
Kh7 48. a4 Rxa4 49. e6 Rxb4 50. e7 Re4 51. e8=Q Rxe8 52. Rxe8 b5 53. Ra8 1-0

[Event "POLFINALY MISTRZOSTW POLSKI JUNIOROW 2021 C-15"]
[Site "Jatrzebia Gora"]
[Date "1899-12-30"]
[Round "9.16"]
[White "Choina, Jan"]
[Black "Klisowski, Bartosz"]
[Result "1-0"]
[WhiteTitle "II"]
[BlackTitle "II+"]
[WhiteElo "1485"]
[BlackElo "1392"]

1. e4 c5 2. Nf3 Nc6 3. d4 cxd4 4. Nxd4 g6 5. Nc3 Bg7 6. Be3 Nf6 7. Bc4 Qa5 8. O-O
O-O 9. Bb3 d6 10. h3 Bd7 11. Nxc6 bxc6 12. Qd2 Rad8 13. Rad1 Rfe8 14. Bg5 Qc7
15. Rfe1 Bc8 16. Qf4 e5 17. Qh4 Qe7 18. Re3 h6 19. Bxh6 Nh5 20. Bg5 Bf6 21. Bxf6
Qxf6 22. Qxf6 Nxf6 23. Red3 d5 24. exd5 Bf5 25. R3d2 cxd5 26. Nxd5 Nxd5 27. Rxd5
Rc8 28. c3 Be6 29. Rxe5 Bxb3 30. Rxe8+ Rxe8 31. axb3 Re2 32. Rb1 Rc2 33. b4 Kf8
34. Ra1 Rxb2 35. Rxa7 Rb3 36. Rc7 Ke8 37. Kh2 g5 38. f3 Rb2 39. Rc5 f6 40. b5
Kd7 41. c4 Rb4 42. Rc6 Ke7 43. Kg3 Rb2 44. b6 f5 45. c5 Kd7 46. Rc7+ Kd8 47. Rg7
f4+ 48. Kg4 Rxg2+ 49. Kf5 Rc2 50. Ke6 Re2+ 51. Kd6 Rd2+ 52. Kc6 Rd3 53. b7 Rb3
54. Rg8+ Ke7 55. b8=Q Rxb8 56. Rxb8 Ke8 1-0

[Event "POLFINALY MISTRZOSTW POLSKI JUNIOROW 2021 C-15"]
[Site "Jatrzebia Gora"]
[Date "1899-12-30"]
[Round "9.17"]
[White "Zyto, Karol"]
[Black "Pieczulis, Hubert"]
[Result "1-0"]
[WhiteTitle "II"]
[BlackTitle "I"]
[WhiteElo "1472"]
[BlackElo "1379"]

1. d4 f5 2. e4 fxe4 3. Nc3 Nf6 4. Bg5 e6 5. Nxe4 Be7 6. Nxf6+ Bxf6 7. Bxf6 Qxf6
8. Bd3 O-O 9. Nf3 b6 10. Qe2 Nc6 11. O-O-O d5 12. a3 Na5 13. Qd2 Nb7 14. Rdf1
c5 15. c3 c4 16. Bc2 b5 17. Ng5 g6 18. h4 h6 19. Nf3 a5 20. Qxh6 Nd6 21. h5 Nf5
22. Qxg6+ Qxg6 23. hxg6 b4 24. Rh7 Rf6 25. Rfh1 Rxg6 26. Rh8+ Kg7 27. R1h7+ Kf6
28. Rf8# 1-0

[Event "POLFINALY MISTRZOSTW POLSKI JUNIOROW 2021 C-15"]
[Site "Jatrzebia Gora"]
[Date "1899-12-30"]
[Round "9.18"]
[White "Rumniak, Aleksy"]
[Black "Czak, Dominik"]
[Result "0-1"]
[WhiteTitle "II"]
[BlackTitle "II"]
[WhiteElo "1204"]
[BlackElo "1456"]

1. e4 c6 2. d4 d5 3. exd5 cxd5 4. Bd3 Nc6 5. c3 Qc7 6. Ne2 Nf6 7. Bf4 Qb6 8. Qb3
Qxb3 9. axb3 e6 10. h3 b6 11. Nd2 Bb7 12. O-O Kd7 13. Nf3 Be7 14. Ra2 a6 15. Raa1
h6 16. Ne5+ Nxe5 17. Bxe5 Rhc8 18. f4 g6 19. g4 Ne4 20. Bxe4 dxe4 21. f5 gxf5
22. gxf5 Rg8+ 23. Kh2 e3 24. fxe6+ Kxe6 25. Nf4+ Kd7 26. Rg1 f6 27. Rad1 0-1

[Event "POLFINALY MISTRZOSTW POLSKI JUNIOROW 2021 C-15"]
[Site "Jatrzebia Gora"]
[Date "1899-12-30"]
[Round "9.19"]
[White "Szymczyk, Antoni"]
[Black "Trochimczuk, Szymon"]
[Result "0-1"]
[WhiteTitle "II"]
[BlackTitle "II+"]
[WhiteElo "1424"]
[BlackElo "1493"]

1. e4 e6 2. d4 d5 3. exd5 exd5 4. Bd3 Bd6 5. Qf3 Be6 6. Ne2 Nf6 7. h3 Nbd7 8. O-O
O-O 9. Bf4 Qe7 10. Nbc3 a6 11. Rfe1 Rfe8 12. a3 b5 13. Qg3 Bxf4 14. Nxf4 Qd6 15.
Nxe6 Qxg3 16. fxg3 fxe6 17. Re2 c5 18. dxc5 Nxc5 19. Rae1 Kf7 20. Rf2 Ke7 21.
g4 Kd6 22. g5 Nxd3 23. cxd3 Nd7 24. d4 Re7 25. Ne2 e5 26. Ng3 g6 27. dxe5+ Rxe5
28. Rd1 Rae8 29. h4 Re1+ 30. Rf1 Rxd1 31. Rxd1 Nc5 32. Kf2 Ne4+ 33. Nxe4+ Rxe4
34. g3 Rc4 35. Rd2 a5 36. Kf3 b4 37. a4 b3 38. Rd3 Rxa4 39. Rxb3 Rb4 40. Ra3 a4
41. Ke2 Rxb2+ 42. Kd1 Rb4 43. Kd2 Kc5 44. Kc1 0-1

[Event "POLFINALY MISTRZOSTW POLSKI JUNIOROW 2021 C-15"]
[Site "Jatrzebia Gora"]
[Date "1899-12-30"]
[Round "9.20"]
[White "Rzepka, Marcin"]
[Black "Borowik, Karol"]
[Result "1/2-1/2"]
[WhiteTitle "II"]
[BlackTitle "II"]
[WhiteElo "1336"]
[BlackElo "1455"]

1. Nf3 Nf6 2. g3 d5 3. Bg2 Bf5 4. O-O h6 5. d3 c6 6. Nbd2 e6 7. c4 a5 8. a3 Na6
9. b3 Bc5 10. Bb2 O-O 11. Rc1 Qe7 12. Ra1 Rfc8 13. h3 b5 14. d4 Bd6 15. c5 Bc7
16. Nh4 Bh7 17. Rc1 Ne4 18. Nhf3 Nb8 19. Nxe4 Bxe4 20. Nd2 Bxg2 21. Kxg2 f5 22.
e3 Nd7 23. f4 Kh7 24. h4 g6 25. Rh1 Rg8 26. Nf3 h5 27. Ng5+ Kg7 28. Qe2 Nf6 29.
Rhd1 Rge8 30. Ra1 Rg8 31. Rac1 1/2-1/2